000 00467nam a2200181 a 4500
001 7063
003 CO-ViMGA
008 141112s2004 ck r 000 u spa d
040 _aCO-ViMGA
_bspa
_cCO-ViMGA
082 0 4 _a658.3112 C438
100 1 _aChavalier Beaumel, Alain
_96133
245 1 0 _aCómo lograr una entrevista eficaz
260 _aBarcelona :
_bGranica,
_c1990
300 _a19 p
490 _aAcción, 16
650 1 4 _aENTREVISTAS
_96134
942 _2ddc
_cBK
999 _c19028
_d19028